| 000 | 00546nam a22001817a 4500 | ||
|---|---|---|---|
| 999 |
_c8902 _d8902 |
||
| 008 | 210303b ||||| |||| 00| 0 eng d | ||
| 040 | _aBMS College of Architecture | ||
| 100 | _aIndu | ||
| 245 | _aMeditation retreat Gokarna | ||
| 300 | _a57p. | ||
| 500 | _a1BM10AT084 | ||
| 502 |
_8B.Arch _NBMS College of Architecture, Visvesvaraya Technological University (VTU) _aProject Report _d2014 |
||
| 650 | _aGokarna | ||
| 700 |
_aBhahgyalaxmi M _eGuide |
||
| 700 |
_aDakshayini R, Patil _eGuide |
||
| 700 |
_aShanthala V _eGuide |
||
| 942 |
_2ddc _cTHE |
||